[Event "Continental ch-Americas"]
[Site "Sao Paulo BRA"]
[Date "2009.07.25"]
[Round "1"]
[White "Quintiliano Pinto,R"]
[Black "Di Berardino,D"]
[Result "0-1"]
[WhiteElo "2059"]
[BlackElo "2453"]

1.e4 c5 2.Nf3 e6 3.d4 cxd4 4.Nxd4 Nc6 5.Nc3 a6 6.Be3 Nf6 7.Bd3 d6 8.O-O Be7
9.Kh1 O-O 10.h3 e5 11.Nb3 Be6 12.f4 exf4 13.Bxf4 Nd7 14.Be2 Nce5 15.Nd4 Re8
16.Nxe6 fxe6 17.Qd2 Rf8 18.Rad1 Qc7 19.Bg5 Rxf1+ 20.Rxf1 Bxg5 21.Qxg5 Nf8
22.a4 Rc8 23.Qe3 Qc5 24.Qxc5 Rxc5 25.Rd1 Rc6 26.Rd4 Kf7 27.Kg1 Ke7 28.Kf2 Nfd7
29.Ke1 Rb6 30.b3 Nc6 31.Rd2 Nb4 32.Nd1 Nc6 33.Ne3 Nce5 34.Nc4 Nxc4 35.Bxc4 Ne5
36.Be2 Rb4 37.Bf3 Rb6 38.Bd1 Rc6 39.Rf2 Rc3 40.Kd2 Rg3 41.Be2 a5 42.Bf1 g5
43.Be2 Ng6 44.c3 Nf4 45.Bf1 Kf6 46.Rf3 Rxf3 47.gxf3 Ke5 48.Ke3 d5 49.b4 b6
50.b5 h6 51.exd5 exd5 52.Kd2 d4 53.Kc2 Nd5  0-1

[Event "Continental ch-Americas"]
[Site "Sao Paulo BRA"]
[Date "2009.07.25"]
[Round "1"]
[White "Blanco,Cr"]
[Black "Mandetta,J"]
[Result "1-0"]
[WhiteElo "2361"]
[BlackElo "1987"]

1.e4 c5 2.Nf3 e6 3.d4 cxd4 4.Nxd4 Nc6 5.Nc3 Qc7 6.Be3 a6 7.Be2 Nf6 8.O-O Bb4
9.Na4 O-O 10.Nxc6 bxc6 11.Nb6 Rb8 12.Nxc8 Rfxc8 13.Bxa6 Rf8 14.Bd3 Bd6 15.f4 e5
16.f5 Rxb2 17.g4 Qa5 18.Kh1 Qc3 19.Bc1 Rbb8 20.Bd2 Qd4 21.Qf3 Rfe8 22.Be3 Qa4
23.g5 Nd5 24.exd5 e4 25.Qg4 Rb4 26.a3 exd3 27.axb4 Qxc2 28.Bf4 Qc4 29.Qf3  1-0

[Event "13th Battle of Senta Open A"]
[Site "Senta SRB"]
[Date "2009.07.25"]
[Round "9"]
[White "Bojovic,D"]
[Black "Andrijevic,M"]
[Result "1-0"]
[WhiteElo "2286"]
[BlackElo "2384"]

1.e4 c5 2.Nf3 Nc6 3.d4 cxd4 4.Nxd4 e6 5.Nc3 Qc7 6.Be2 a6 7.O-O Nf6 8.Be3 Be7
9.a4 O-O 10.Nb3 b6 11.f4 d6 12.Bf3 Rb8 13.Qe1 Re8 14.Qg3 Bf8 15.Rad1 b5 16.axb5 axb5
17.e5 dxe5 18.fxe5 Nd7 19.Ne4 Ncxe5 20.Bh5 Qxc2 21.Rxd7 Qxe4 22.Rd4 Qc2 23.Qxe5 Bb7
24.Bxf7+ Kh8 25.Nd2 Red8 26.Bh5 Bd5 27.Rg4 Rb7 28.Bd4 Qxd2 29.Rxf8+  1-0

[Event "XXVII Andorra Open"]
[Site "Arinsal AND"]
[Date "2009.07.26"]
[Round "9"]
[White "Lopez Martinez,Josep"]
[Black "Kogan,Ar"]
[Result "1/2-1/2"]
[WhiteElo "2555"]
[BlackElo "2542"]

1.e4 c5 2.Nf3 e6 3.d4 cxd4 4.Nxd4 Nc6 5.Nc3 Qc7 6.Be3 a6 7.Qd2 Nf6 8.O-O-O Be7
9.f3 h5 10.Nxc6 bxc6 11.Bf4 e5 12.Bg5 a5 13.Bc4 a4 14.a3 Qb6 15.Be3 Qb7 16.Qf2 d6
17.Qg3 O-O 18.Bh6 Ne8 19.Bg5 Be6 20.Bxe6 fxe6 21.Rd3 Rf7 22.Qh4  1/2-1/2

[Event "Politiken Cup"]
[Site "Helsingor DEN"]
[Date "2009.07.26"]
[Round "10"]
[White "Capion,J"]
[Black "Rasmussen,M1"]
[Result "1-0"]
[WhiteElo "1690"]
[BlackElo "1870"]

1.e4 c5 2.Nf3 e6 3.d4 cxd4 4.Nxd4 Nc6 5.Nc3 Qc7 6.Ndb5 Qb8 7.Be3 b6 8.Qd2 a6
9.Nd4 Nf6 10.Nxc6 dxc6 11.O-O-O Be7 12.f4 O-O 13.Qf2 Ng4 14.Qf3 Nxe3 15.Qxe3 b5
16.g4 c5 17.h4 Qc7 18.g5 Bd6 19.e5 Be7 20.Bg2 Bb7 21.Be4 b4 22.Bxb7 Qxb7
23.Ne4 Rad8 24.h5 Rxd1+ 25.Rxd1 Rd8 26.Rxd8+ Bxd8 27.Qd3 Bb6 28.h6 g6 29.b3 Qc8
30.Nf6+ Kh8 31.Qd7 Qxd7 32.Nxd7 Ba7 33.Kd2 Kg8 34.Kd3 c4+ 35.bxc4 f5 36.c5 Kf7
37.c6 Ke7 38.Nf6 Kd8 39.Nxh7 Bc5 40.Nf6 Bf8 41.h7 Bg7 42.Ng8 Kc7 43.Ne7  1-0

[Event "zt 3.3"]
[Site "Ho Chi Minh City VIE"]
[Date "2009.07.26"]
[Round "5"]
[White "Baba,M"]
[Black "Nguyen Hoang Nam1"]
[Result "0-1"]
[WhiteElo "2229"]
[BlackElo "2320"]

1.e4 c5 2.Nf3 e6 3.d4 cxd4 4.Nxd4 Nc6 5.Nc3 Nf6 6.Ndb5 d6 7.Bf4 e5 8.Bg5 a6
9.Na3 b5 10.Nd5 Be7 11.Bxf6 Bxf6 12.c4 b4 13.Nc2 Rb8 14.b3 O-O 15.g3 g6 16.h4 Nd4
17.Nxd4 exd4 18.Nxf6+ Qxf6 19.Bg2 d3 20.O-O Qd4 21.a3 f5 22.exf5 Bxf5 23.Ra2 bxa3
24.Rxa3 Bg4 25.Qa1 Qxa1 26.Raxa1 Be2 27.Rfe1 Rxb3 28.c5 Rb4 29.cxd6 Rd4 30.Bf1 Bf3
31.Bxd3 Rxd3 32.Rxa6 Rd8  0-1

[Event "2nd Open"]
[Site "Paleohora GRE"]
[Date "2009.07.26"]
[Round "7"]
[White "Souleidis,G"]
[Black "Panagiotopoulos,A"]
[Result "1-0"]
[WhiteElo "2435"]
[BlackElo "2200"]

1.e4 c5 2.Nf3 e6 3.d4 cxd4 4.Nxd4 Nc6 5.Nc3 Qc7 6.Be3 a6 7.Qd2 Nf6 8.O-O-O Bb4
9.f3 Ne5 10.Nb3 O-O 11.Qe1 b5 12.Nxb5 axb5 13.Qxb4 Nc4 14.Bc5 d6 15.Bxd6 Nxd6
16.Qxd6 Qa7 17.Bxb5 Qxa2 18.Qb6 Ba6 19.Bc6 Rac8 20.Qa5  1-0

[Event "Czech Open A"]
[Site "Pardubice CZE"]
[Date "2009.07.26"]
[Round "3"]
[White "Petr,Ma"]
[Black "Jedlicka,A"]
[Result "1/2-1/2"]
[WhiteElo "2478"]
[BlackElo "2270"]

1.e4 c5 2.Nf3 e6 3.d4 cxd4 4.Nxd4 Nc6 5.Nc3 Nf6 6.Ndb5 Bb4 7.a3 Bxc3+ 8.Nxc3 d5
9.exd5 exd5 10.Bd3 d4 11.Ne4 Nxe4 12.Bxe4 Bf5 13.Bxf5 Qa5+ 14.c3 Qxf5 15.O-O O-O
16.cxd4 Rad8 17.Be3 Nxd4 18.Bxd4 Qe4 19.Re1 Qxd4 20.Qxd4 Rxd4 21.Re7 Rb8
22.g3 Rd2 23.b4 Rd3 24.a4 Rb3 25.b5 a6 26.Rc1 axb5 27.Rxb7 bxa4 28.Ra7 a3
29.Ra1 g6 30.R1xa3  1/2-1/2

[Event "ZMD Open"]
[Site "Dresden GER"]
[Date "2009.07.27"]
[Round "3"]
[White "Hager,J"]
[Black "Schaburov,W"]
[Result "1-0"]
[WhiteElo "2217"]
[BlackElo "1990"]

1.e4 c5 2.Nf3 e6 3.d4 cxd4 4.Nxd4 Nc6 5.Nc3 Qc7 6.Be2 Nf6 7.Be3 Bb4 8.Nb5 Qa5
9.O-O a6 10.Nd6+ Ke7 11.Nc4 Qc7 12.a3 Bd6 13.f4 Ne8 14.Nb6 Rb8 15.Nbd5+ exd5
16.Nxd5+ Kd8 17.Nxc7 Bxc7 18.e5 Ke7 19.Bc4 d6 20.Qh5 Nd8 21.Rfe1 Be6 22.Bxe6 fxe6
23.Rad1 g6 24.Qg5+ Kf7 25.exd6 Nxd6 26.Bd4 Rf8 27.Qf6+ Ke8 28.Rxe6+  1-0

[Event "2nd Open"]
[Site "Paleohora GRE"]
[Date "2009.07.27"]
[Round "8"]
[White "Parligras,M"]
[Black "Konguvel,P"]
[Result "1-0"]
[WhiteElo "2557"]
[BlackElo "2419"]

1.e4 c5 2.Nf3 e6 3.d4 cxd4 4.Nxd4 Nc6 5.Nc3 Qc7 6.Be3 a6 7.Bd3 Nf6 8.O-O Ne5
9.h3 Bc5 10.f4 Ng6 11.Qd2 d6 12.Nb3 Bxe3+ 13.Qxe3 b5 14.e5 dxe5 15.Bxg6 exf4
16.Bxf7+ Qxf7 17.Rxf4 O-O 18.Nc5 e5 19.Qxe5 Re8 20.Qd4 Qg6 21.Kh1 Bf5 22.Nd5 Nh5
23.Rf3 Rac8 24.Ne3 Bxc2 25.Raf1 Be4 26.Nxe4 Qxe4 27.Qd7 Nf6 28.Rxf6 Qxe3
29.Qf7+  1-0

[Event "2nd Open"]
[Site "Paleohora GRE"]
[Date "2009.07.27"]
[Round "8"]
[White "Timoshenko,G"]
[Black "Ashwin,J"]
[Result "1-0"]
[WhiteElo "2556"]
[BlackElo "2425"]

1.e4 c5 2.Nf3 e6 3.d4 cxd4 4.Nxd4 Nc6 5.Nc3 Qc7 6.Be2 a6 7.O-O Nf6 8.Be3 Be7
9.f4 d6 10.Kh1 O-O 11.Qe1 Nxd4 12.Bxd4 b5 13.a3 Bb7 14.Qg3 Rad8 15.Rae1 Rd7
16.Bd3 Re8 17.Qh3 e5 18.Be3 Bd8 19.Bd2 Qc8 20.f5 Bc6 21.Re3 Qb7 22.Rg3 Kh8
23.Bg5 a5 24.b4 axb4 25.axb4 Nxe4 26.Bxe4 Bxe4 27.Bxd8 Rdxd8 28.Qg4 Bxg2+
29.Rxg2 f6 30.Ne4 Re7 31.Rd1 Qc6 32.h3 d5 33.Nc5 d4 34.Ra1 Ra8 35.Rxa8+ Qxa8
36.Kh2 Qd5 37.Ne4 Ra7 38.h4 Qc6 39.Nc5 Qd6 40.Qe4 Ra3 41.Rg3 Ra7 42.Ne6 g6
43.Nc5 gxf5 44.Qxf5 Rc7 45.Ne6 Rf7 46.Ng5 Rc7 47.Qc8+  1-0

[Event "Czech Open A"]
[Site "Pardubice CZE"]
[Date "2009.07.27"]
[Round "4"]
[White "Simek,P2"]
[Black "Philippe,C"]
[Result "1/2-1/2"]
[WhiteElo "2301"]
[BlackElo "2428"]

1.e4 c5 2.Nf3 e6 3.d4 cxd4 4.Nxd4 Nc6 5.Nc3 d6 6.Be2 Nf6 7.O-O Be7 8.Be3 O-O
9.f4 a6 10.Qe1 Nxd4 11.Bxd4 b5 12.a3 Bb7 13.Qg3 g6 14.Bf3 a5 15.Rad1 b4 16.e5 Bxf3
17.Qxf3 bxc3 18.exf6 Bxf6 19.Qxc3 Bxd4+ 20.Qxd4 d5 21.c4 dxc4 22.Qxc4 Qb6+
23.Qd4 Rab8 24.Qxb6 Rxb6 25.Rf2 Rc8 26.g3 Rcb8 27.Rdd2 Kg7 28.Kg2 Rb3 29.Rc2 R8b5
30.Kh3 h6 31.Rc7 Rxb2 32.Rxb2 Rxb2 33.Rc5 f5 34.Rxa5 g5 35.g4 Kg6 36.Ra6 Kf6
37.gxf5 Kxf5 38.fxg5 hxg5 39.Kg3 e5 40.Ra4 Rb3+ 41.Kf2 Rc3 42.Ra8 Kf4 43.Rf8+ Ke4
44.Rg8 Rxa3 45.Rxg5 Kd4 46.Rg3 Ra1 47.Rb3 e4 48.Ke2 Ke5 49.Ke3 Re1+ 50.Kf2 Rh1
51.Ke3 Rxh2 52.Rb5+ Kd6 53.Kxe4  1/2-1/2

[Event "Continental ch-Americas"]
[Site "Sao Paulo BRA"]
[Date "2009.07.27"]
[Round "4"]
[White "Corrales Jimenez,F"]
[Black "Zapata,Alo"]
[Result "0-1"]
[WhiteElo "2602"]
[BlackElo "2523"]

1.e4 c5 2.Nf3 e6 3.d4 cxd4 4.Nxd4 Nc6 5.Nc3 Qc7 6.Be3 a6 7.Qd2 Nf6 8.O-O-O Be7
9.f4 d6 10.Be2 Nxd4 11.Bxd4 e5 12.Be3 b5 13.Kb1 Bb7 14.Nd5 Bxd5 15.exd5 exf4
16.Bxf4 O-O 17.g4 Rfe8 18.Bf3 Nd7 19.h4 Bf6 20.g5 Be5 21.Be3 b4 22.Bf2 Nc5
23.Bxc5 Qxc5 24.h5 g6 25.hxg6 hxg6 26.Rh4 a5 27.Be4 Re7 28.Qd3 Bg7 29.Qh3 Rae8
30.Qd3 Re5 31.Rg4 Qf2 32.b3 Rxg5 33.Qb5 Kf8 34.Rxg5 Qf6 35.c3 Qxc3  0-1

[Event "Women's Open"]
[Site "Vratsa BUL"]
[Date "2009.07.27"]
[Round "3"]
[White "Vasova,M"]
[Black "Bulmaga,I"]
[Result "0-1"]
[WhiteElo "1757"]
[BlackElo "2277"]

1.e4 c5 2.Nf3 e6 3.d4 cxd4 4.Nxd4 Nc6 5.Nc3 Qc7 6.Be3 Nf6 7.f3 a6 8.Qd2 Bb4
9.Nxc6 bxc6 10.Qd3 d5 11.Bd2 O-O 12.O-O-O Rb8 13.Ne2 dxe4 14.fxe4 Rd8 15.Qe3 Bxd2+
16.Rxd2 Rxd2 17.Qxd2 Nxe4 18.Qe3 Nf6 19.Nc3 Nd5 20.Nxd5 cxd5 21.Bd3 e5 22.Qg3 Bb7
23.Rf1 Qe7 24.h4 Re8 25.Rf5 h6 26.h5 Bc8 27.Rf1 e4 28.Be2 d4 29.Bc4 Be6 30.Bxe6 Qxe6
31.Kb1 e3 32.Re1 Qd5 33.Qf4 d3 34.cxd3 Qxd3+ 35.Ka1 e2 36.Qc1 a5 37.g3 Rd8
38.a3 Qd1  0-1

[Event "Dutch Open"]
[Site "Dieren NED"]
[Date "2009.07.28"]
[Round "7"]
[White "Pruijssers,R"]
[Black "Sprangers,R"]
[Result "1-0"]
[WhiteElo "2401"]
[BlackElo "2222"]

1.e4 c5 2.Nf3 e6 3.d4 cxd4 4.Nxd4 Nc6 5.Nc3 Qc7 6.Be3 a6 7.Qd2 Nf6 8.O-O-O Be7
9.f3 h5 10.Qf2 d6 11.Nb3 b5 12.Bb6 Qb8 13.Kb1 O-O 14.Na5 Bd7 15.Nxc6 Bxc6
16.Ba5 b4 17.Ne2 d5 18.Nd4 Bb7 19.Qe1 dxe4 20.Bxb4 Bxb4 21.Qxb4 Rd8 22.Be2 Nd5
23.Qa3 Nf4 24.Qe3 Nxg2 25.Qg5 Nf4 26.Rhg1 Ng6 27.Nxe6 Rxd1+ 28.Rxd1 Qxh2
29.Bc4 exf3 30.Nd8 Be4 31.Bxf7+ Kh7 32.Ka1 f2 33.Ne6 Ra7 34.Bxg6+ Bxg6 35.Nf8+ Kg8
36.Nxg6 Ra8 37.Qd5+ Kh7 38.Qxa8 Qg1 39.Nf8+ Kg8 40.Ne6+ Kh7 41.Qe4+  1-0

[Event "2nd Open"]
[Site "Paleohora GRE"]
[Date "2009.07.28"]
[Round "9"]
[White "Ashwin,J"]
[Black "Panagiotopoulos,A"]
[Result "1-0"]
[WhiteElo "2425"]
[BlackElo "2200"]

1.e4 c5 2.Nf3 e6 3.d4 cxd4 4.Nxd4 Nc6 5.Nc3 Qc7 6.Be3 Nf6 7.f4 d6 8.Qf3 a6
9.O-O-O Nxd4 10.Rxd4 b5 11.e5 Bb7 12.Qg3 dxe5 13.fxe5 Nd5 14.Nxb5 axb5 15.Bxb5+ Bc6
16.Rc4 Nb4 17.Qf3 Rc8 18.a3 Qb7 19.Rxb4 Bxb4 20.Bxc6+ Rxc6 21.axb4 O-O 22.Bc5 Ra8
23.Rd1 Ra1+ 24.Kd2 Qd7+ 25.Ke1 Rca6 26.c4 Qc7 27.Qe4 f5 28.exf6 Qxh2 29.Rxa1 Rxa1+
30.Kf2 gxf6 31.Qxe6+ Kg7 32.Qe7+ Kg6 33.Qe8+ Kf5 34.Qd7+ Kg6 35.Qe8+ Kf5
36.Qc8+ Kg6 37.Qg8+ Kf5 38.Qd5+ Kg6 39.Qg8+ Kf5 40.Qd5+ Kg6 41.Qe4+ Kf7 42.Qe7+ Kg6
43.Qe4+ Kf7 44.Bd4 Rd1 45.Qd5+ Kg6 46.Qg8+ Kf5 47.Qd5+ Kg6 48.Ke2 Qh1 49.Qg8+ Kf5
50.Qc8+ Kg6 51.Qg8+ Kf5 52.Qd5+ Kg6 53.Qe4+ Kf7 54.Bc3 Qf1+ 55.Ke3 Qg1+ 56.Kf3 Rf1+
57.Kg3 Qf2+ 58.Kh2 Qf4+ 59.Qxf4 Rxf4 60.c5 Ke6 61.Kg3 Rf5 62.Bd2 Kd5 63.Bf4 Kc4
64.c6 Kxb4 65.c7  1-0

[Event "2nd Open"]
[Site "Paleohora GRE"]
[Date "2009.07.28"]
[Round "9"]
[White "Nepali,B"]
[Black "Venkatesh,M"]
[Result "0-1"]
[WhiteElo "2162"]
[BlackElo "2426"]

1.e4 c5 2.Nf3 Nc6 3.d4 cxd4 4.Nxd4 e6 5.Nc3 Qc7 6.Be3 a6 7.Bd3 Nf6 8.O-O Nxd4
9.Bxd4 Bc5 10.Bxc5 Qxc5 11.Kh1 d6 12.f4 e5 13.Qe1 Be6 14.Qg3 Nh5 15.Qg5 Nxf4
16.Qxg7 O-O-O 17.g3 Bh3 18.Rxf4 exf4 19.Qh6 Be6 20.Qxf4 h5 21.Rf1 h4 22.g4 h3
23.Be2 Rdg8 24.Rd1 Rh4 25.Nd5 Bxg4 26.Ne7+ Kb8 27.Nxg8 Bxe2  0-1

[Event "2nd Open"]
[Site "Paleohora GRE"]
[Date "2009.07.28"]
[Round "9"]
[White "Lahno,Kateri"]
[Black "Svetushkin,D"]
[Result "1-0"]
[WhiteElo "2481"]
[BlackElo "2607"]

1.e4 c5 2.Nf3 e6 3.d4 cxd4 4.Nxd4 Nc6 5.Nc3 Qc7 6.Be2 a6 7.O-O Nf6 8.Be3 Be7
9.f4 d6 10.a4 O-O 11.Kh1 Re8 12.Bf3 Rb8 13.Qd2 Bd7 14.Nb3 b6 15.Rad1 Bc8
16.Bf2 Nd7 17.Bg3 Nc5 18.f5 Nxb3 19.cxb3 Ne5 20.fxe6 fxe6 21.Bh5 Rf8 22.Rxf8+ Bxf8
23.Bxe5 dxe5 24.Qd8 Qxd8 25.Rxd8 Ra8 26.Be2 a5 27.Bb5 Bb7 28.Rd7 Ba6 29.Bxa6 Rxa6
30.Rb7 Ra8 31.Rxb6 Bc5 32.Rxe6 Rf8 33.h3 h5 34.h4 Rf4 35.g3 Rf1+ 36.Kg2 Rf2+
37.Kh1 Bd4 38.Nb5 Bxb2 39.Ra6 Re2 40.Rxa5 Rxe4 41.Kg2 Re3 42.Nd6 Rd3 43.Nc4 Bc3
44.Ra8+ Kf7 45.a5 Bd4 46.a6 Rxb3 47.a7 Kg6 48.Rb8  1-0

[Event "ch-Euro Senior"]
[Site "Rogaska Slatina SLO"]
[Date "2009.07.28"]
[Round "7"]
[White "Semashev,K"]
[Black "Titz,Hei"]
[Result "0-1"]
[WhiteElo "2186"]
[BlackElo "2273"]

1.e4 c5 2.Nf3 e6 3.d4 cxd4 4.Nxd4 Nc6 5.Nc3 Qc7 6.Be3 a6 7.Bd3 Nf6 8.O-O Be7
9.f4 d6 10.Qf3 O-O 11.Rae1 Bd7 12.Qg3 Nxd4 13.Bxd4 Bc6 14.e5 Ne8 15.f5 exf5
16.Rxf5 dxe5 17.Bxe5 Bd6 18.Rh5 g6 19.Bxd6 Nxd6 20.Rhe5 Qb6+ 21.Qf2 Qxb2
22.Qc5 Nb5 23.Nd5 Qd4+ 24.Qxd4 Nxd4 25.Ne7+ Kg7 26.c3 Nb5 27.Nxc6 bxc6 28.Rc5 Rad8
29.Bf1 Rd6 30.Re7 Rc8 31.Rb7 Re8 32.Bc4 Rf6 33.h3 Re3 34.Rb6 Rxc3 35.Rbxc6 Rc1+
36.Kh2 Rxc6 37.Rxc6 Na3 38.Bd5 Rxc6 39.Bxc6 f5 40.Kg3 Kf6 41.Kf4 g5+ 42.Ke3 Ke5
43.g3 Nc2+ 44.Kf2 a5 45.a4 Nd4 46.Be8 f4 47.gxf4+ Kxf4 48.Bd7 h6 49.Be8 Nf5
50.Bd7 Nd6 51.Kg2 Ne4 52.Be8 Nf6 53.Bc6 Ke3  0-1

[Event "ch-Euro Senior"]
[Site "Rogaska Slatina SLO"]
[Date "2009.07.28"]
[Round "7"]
[White "Nikolic,Stank"]
[Black "Tavcar,R"]
[Result "1-0"]
[WhiteElo "1922"]
[BlackElo "2054"]

1.e4 c5 2.Nf3 e6 3.d4 cxd4 4.Nxd4 Nc6 5.Nc3 Qc7 6.Be3 a6 7.Qd2 Nf6 8.f3 h6
9.O-O-O Ne5 10.Nb3 Bb4 11.Bd4 Nc6 12.Bxf6 gxf6 13.a3 Be7 14.Kb1 d6 15.f4 Bd7
16.Be2 O-O-O 17.Bf3 h5 18.Rhe1 h4 19.h3 Kb8 20.Nd5 exd5 21.exd5 Bf8 22.dxc6 Bxc6
23.Bxc6 bxc6 24.Qd3 Qb6 25.Re4 d5 26.Re2 Bd6 27.Qf5 Rh6 28.Rde1 Kc7 29.Re8 Rd7
30.Ra8 Qb7 31.Ree8 Kb6 32.a4 c5 33.Rec8 Rg6 34.a5+ Kb5 35.Nxc5 Bxc5 36.Rab8 Rc7
37.Qxd5 Qxb8 38.Rxb8+  1-0

[Event "Women's Open"]
[Site "Vratsa BUL"]
[Date "2009.07.28"]
[Round "5"]
[White "Videnova,I"]
[Black "Bulmaga,I"]
[Result "1/2-1/2"]
[WhiteElo "2197"]
[BlackElo "2277"]

1.e4 c5 2.Nf3 e6 3.d4 cxd4 4.Nxd4 Nc6 5.Nc3 Qc7 6.Be3 Nf6 7.f4 Bb4 8.Nb5 Qa5
9.e5 Nd5 10.Bd2 Nxc3 11.Nxc3 O-O 12.a3 Be7 13.Bd3 f5 14.exf6 Bxf6 15.O-O d5
16.Kh1 Qc7 17.Rb1 Bd7 18.Nb5 Qb8 19.c4 Ne7 20.Bb4 Bxb5 21.cxb5 Rf7 22.Qe2 Qc8
23.Rbe1 Nf5 24.Qxe6 Qxe6 25.Rxe6 Bxb2 26.g4 Nh6 27.h3 g6 28.Rd6 Rc8 29.Rxd5 Rfc7
30.f5 gxf5 31.g5 Nf7 32.Rdxf5 Bc3 33.h4 Bxb4 34.axb4 Rc3 35.Rd5 R8c7 36.h5 h6
37.gxh6 Nxh6 38.Rd8+ Kg7 39.Rd6 Kg8 40.Rg6+ Rg7 41.Rfg1 Rxg6 42.Rxg6+ Kf8
43.Be2 Re3 44.Rxh6 Rxe2 45.Rh7 Re5 46.Rxb7 Rxh5+ 47.Kg2 Rh4 48.Kf3 Rxb4 49.Ke3 Ke8
50.Kd3 Kd8 51.Kc3 Kc8 52.Rxa7  1/2-1/2

[Event "GM"]
[Site "Biel SUI"]
[Date "2009.07.29"]
[Round "9"]
[White "Caruana,F"]
[Black "Alekseev,Evgeny"]
[Result "1/2-1/2"]
[WhiteElo "2670"]
[BlackElo "2714"]

1.e4 c5 2.Nf3 Nc6 3.d4 cxd4 4.Nxd4 e6 5.Nc3 Qc7 6.Be3 Nf6 7.f4 Bb4 8.Nb5 Qa5
9.e5 Nd5 10.Bd2 Nxc3 11.Bxc3 O-O 12.Qd2 Bxc3 13.Nxc3 f6 14.exf6 Rxf6 15.O-O-O d5
16.Kb1 Bd7 17.g3 Be8 18.a3 Rb8 19.Nb5 Qxd2 20.Rxd2 Bg6 21.Bh3 a6 22.Nc3 b5
23.Re1 Kf7 24.Nd1 h5 25.Ne3 Be4 26.Bg2 Bxg2 27.Nxg2 Rg8 28.Rd3 g5 29.Rc3 e5
30.fxe5 Re6 31.Rf1+ Kg6 32.h4 Nxe5 33.hxg5 Kxg5 34.Nf4 Rf6 35.Rh1 Rh8 36.Rc7 Rf7
37.Rc5 Kg4 38.Rxd5 Rf5 39.Ne2 Nf3 40.Rd6 Re8 41.Nf4 Rh8 42.Rg6+ Rg5 43.Rxa6 Kxg3
44.Rf6 h4 45.Rh3+ Kg4 46.Rxf3 Kxf3 47.Ng6+ Kg4 48.Nxh8 h3 49.Nf7 h2 50.Rf1 Rd5
51.Ka2 Kg3 52.Rh1 Kg2 53.Rxh2+ Kxh2 54.Kb3 Kg3 55.c4 bxc4+ 56.Kxc4 Rd2 57.Kc3 Rd5
58.Kc4 Rd2 59.b4 Kf4 60.b5 Kf5 61.a4 Ke6 62.Ng5+ Kd7 63.Ne4 Rh2 64.Nc3 Kd6
65.Ne4+ Kc7 66.a5 Rh4 67.Kd5 Rh5+ 68.Kc4 Rh4 69.Kd4 Kb7 70.Kd5 Rh5+ 71.Kc4 Rh4
72.Kd4 Kc7 73.Kd5  1/2-1/2

[Event "ZMD Open"]
[Site "Dresden GER"]
[Date "2009.07.29"]
[Round "5"]
[White "Boyarchenko,M"]
[Black "Genova,Ly"]
[Result "0-1"]
[WhiteElo "2028"]
[BlackElo "2209"]

1.e4 c5 2.Nf3 e6 3.d4 cxd4 4.Nxd4 Nc6 5.Nc3 a6 6.Be2 Qc7 7.O-O Nf6 8.Kh1 Nxd4
9.Qxd4 Bc5 10.Qd3 b5 11.a3 Bb7 12.f4 h5 13.Bf3 Ng4 14.Qe2 d6 15.Nd1 Rc8 16.Bd2 Qe7
17.Be1 g5 18.Bxg4 hxg4 19.Bg3 Bd4 20.c3 Bb6 21.Nf2 Rc4 22.fxg5 Qxg5 23.Rae1 Ke7
24.Qd3 e5 25.b3 Rc7 26.Nd1 Rhc8 27.Rf5 Qh6 28.Ref1 Qg6 29.Bh4+ Ke8 30.Bg3 Rd7
31.Bh4 Qh7 32.Bg3 Rdc7 33.Rf6 Qxe4  0-1

[Event "ZMD Open"]
[Site "Dresden GER"]
[Date "2009.07.29"]
[Round "5"]
[White "Bobras,P"]
[Black "Schaefer,Er"]
[Result "1-0"]
[WhiteElo "2568"]
[BlackElo "2164"]

1.e4 c5 2.Nf3 e6 3.d4 cxd4 4.Nxd4 Nc6 5.Nc3 Qc7 6.Be3 a6 7.Bd3 Nf6 8.O-O Ne5
9.h3 Bc5 10.f4 d6 11.Kh1 Ng6 12.Qe1 O-O 13.f5 Ne5 14.Qh4 b5 15.Rf3 exf5 16.exf5 Nxf3
17.gxf3 Bb7 18.Rg1 Kh8 19.Rxg7 Rg8 20.Rxg8+ Kxg8 21.Qg5+ Kf8 22.Qxf6 Ke8
23.Be4 Bxe4 24.Nxe4 Qd8 25.Nc6  1-0

[Event "ch-AUT"]
[Site "Jenbach AUT"]
[Date "2009.07.29"]
[Round "5"]
[White "Halvax,G"]
[Black "Schachinger,M"]
[Result "1-0"]
[WhiteElo "2260"]
[BlackElo "2351"]

1.Nf3 e6 2.d4 c5 3.e4 cxd4 4.Nxd4 Nc6 5.Nc3 d6 6.Be3 Nf6 7.f3 Be7 8.Qd2 O-O
9.O-O-O a6 10.g4 Nxd4 11.Qxd4 Nd7 12.Be2 b5 13.h4 Rb8 14.Rdg1 b4 15.Nd1 Qa5
16.Kb1 Nc5 17.Bc4 e5 18.Qd2 Be6 19.Qe2 Na4 20.Ka1 Rfc8 21.Bxe6 fxe6 22.g5 Rb7
23.Qd3 Rbc7 24.Qb3 d5 25.Rg2 Kh8 26.exd5 exd5 27.g6 h6 28.Bc1 d4 29.Bxh6 Bf6
30.Bc1 Nc5 31.Qd5 b3 32.a3 bxc2 33.Rg5 Nb3+ 34.Qxb3 Rc4 35.Rh5+ Kg8 36.Nf2 Qd5
37.Ne4 a5 38.Nxf6+ gxf6 39.Rh7 d3 40.Qb6 Qc6 41.Qa7 Rc7 42.Rxc7 Qxc7 43.Qa8+ Kg7
44.h5 d2 45.h6+ Kxg6 46.Qg8+ Kf5 47.h7 d1=Q 48.Rh5+  1-0

[Event "Czech Open A"]
[Site "Pardubice CZE"]
[Date "2009.07.29"]
[Round "6"]
[White "Bracker,F"]
[Black "Philippe,C"]
[Result "0-1"]
[WhiteElo "2280"]
[BlackElo "2428"]

1.e4 c5 2.Nf3 e6 3.d4 cxd4 4.Nxd4 Nc6 5.Nc3 d6 6.g4 a6 7.Be3 Nge7 8.Nb3 b5
9.Qe2 Bb7 10.O-O-O Qc7 11.f4 g6 12.Bg2 Bg7 13.e5 dxe5 14.Nc5 exf4 15.Nxb7 Qxb7
16.Bxf4 O-O 17.Bd6 Rac8 18.Ne4 Qb6 19.Bc5 Qa5 20.Kb1 Nb4 21.a3 Nbd5 22.Qf2 b4
23.g5 bxa3 24.Bxa3 Rb8 25.Rd3 Nf5 26.Kc1 Rfc8 27.Rd2 Be5 28.Nf6+ Nxf6 29.gxf6 Bxf6
30.h4 h5 31.Rh3 Qa4 32.Bf1 Rc6 33.Bd3 Rcb6 34.c4 Bg7 35.Bxf5 exf5 36.Rc2 Rc6
37.c5 Rb3 38.Rxb3 Qxb3 39.Qg2 Be5 40.Qf2 Qa2 41.Kd2 Bf6 42.Kd3 Re6  0-1

[Event "Czech Open A"]
[Site "Pardubice CZE"]
[Date "2009.07.29"]
[Round "6"]
[White "Paci,C"]
[Black "Folk,P"]
[Result "1-0"]
[WhiteElo "2325"]
[BlackElo "2210"]

1.e4 c5 2.Nf3 e6 3.Nc3 Nc6 4.d4 cxd4 5.Nxd4 Qc7 6.Be2 a6 7.O-O Nf6 8.Kh1 Nxd4
9.Qxd4 Bc5 10.Qd3 b5 11.f4 Bb7 12.Bf3 O-O 13.e5 Ne8 14.Bxb7 Qxb7 15.Ne4 Be7
16.Be3 Qc6 17.a4 bxa4 18.c4 d6 19.exd6 Nxd6 20.Nxd6 Bxd6 21.c5 Be7 22.Qc4 Rfb8
23.Bd4 Bf6 24.Rxa4 Bxd4 25.Qxd4 Rxb2 26.Qxb2 Qxa4 27.Qb7 Qe8 28.c6 g6 29.c7 Kg7
30.Rd1 Rc8 31.h3 e5 32.fxe5 Qa4 33.Rd5 Qa1+ 34.Kh2 Qc1 35.Rd7 Qf4+ 36.Kg1 Qc1+
37.Kf2 Qf4+ 38.Qf3 Qc4 39.Qf6+ Kh6 40.Rxf7 Qd4+ 41.Kg3 a5 42.Qe7  1-0

[Event "Continental ch-Americas"]
[Site "Sao Paulo BRA"]
[Date "2009.07.29"]
[Round "6"]
[White "Diamant,A"]
[Black "Tsuboi,E"]
[Result "1/2-1/2"]
[WhiteElo "2520"]
[BlackElo "2399"]

1.e4 c5 2.Nf3 Nc6 3.d4 cxd4 4.Nxd4 e6 5.Nc3 Qc7 6.Be2 a6 7.O-O Nf6 8.Kh1 Nxd4
9.Qxd4 Bc5 10.Qd3 b5 11.Bg5 Bb7 12.f4 Bb4 13.e5 Bxc3 14.Bxf6 gxf6 15.bxc3 f5
16.Qg3 Kf8 17.Bf3 Rg8 18.Qh4 Rg7 19.Rad1 Re8 20.Rd3 Kg8 21.Qf2 Bxf3 22.Qxf3 Rf8
23.Rfd1 f6 24.exf6 Rxf6 25.Rd6 a5 26.Qd3 Qb7 27.Rd2 Rff7 28.Qd4 h6 29.Rb6 Qe4
30.Qxe4 fxe4 31.g3 Rf8 32.Re2 Rc8 33.Rxe4 Rxc3 34.Rxb5 Rxc2 35.Rxa5 Kf7 36.Ra7  1/2-1/2

[Event "Continental ch-Americas"]
[Site "Sao Paulo BRA"]
[Date "2009.07.29"]
[Round "6"]
[White "Corrales Jimenez,F"]
[Black "Flores Rios,M"]
[Result "1-0"]
[WhiteElo "2602"]
[BlackElo "2482"]

1.e4 c5 2.Nf3 e6 3.d4 cxd4 4.Nxd4 Nc6 5.Nc3 Qc7 6.Be3 a6 7.Be2 Nf6 8.O-O Bb4
9.Nxc6 bxc6 10.f4 Bxc3 11.bxc3 Nxe4 12.Qd4 Nf6 13.c4 c5 14.Qxc5 Qxc5 15.Bxc5 Ne4
16.Ba3 f5 17.Rab1 Nc3 18.Bh5+ g6 19.Bf3 Ne4 20.Bd6 a5 21.Rfe1 Ba6 22.Bxe4 fxe4
23.Rxe4 Kf7 24.c5 Rhc8 25.Ra4 h6 26.Kf2 Ra7 27.Rxa5 Rca8 28.Bb8 Rb7 29.Rxa6 Rbxb8
30.Rxa8 Rxa8 31.Rb2 Ra3 32.Ke2 Rc3 33.a4 Rxc5 34.Ra2 Ra5 35.Kd3 Ke7 36.Kc4 Kd6
37.Kb4 Rf5 38.g3 Kc6 39.a5 Rb5+ 40.Kc4 Rb7 41.Kd4 d6 42.c4 Ra7 43.a6 Kb6
44.c5+ Kc6 45.cxd6 Kxd6 46.Ke4 g5 47.fxg5 hxg5 48.h4  1-0

[Event "Continental ch-Americas"]
[Site "Sao Paulo BRA"]
[Date "2009.07.29"]
[Round "6"]
[White "Shabalov,A"]
[Black "El Debs,F"]
[Result "1-0"]
[WhiteElo "2580"]
[BlackElo "2467"]

1.e4 c5 2.Nf3 e6 3.d4 cxd4 4.Nxd4 Nc6 5.Nc3 Qc7 6.f4 Nxd4 7.Qxd4 a6 8.Be3 b5
9.O-O-O Bb7 10.Bd3 Rc8 11.Kb1 Qc5 12.Rhe1 Qxd4 13.Bxd4 Ne7 14.a4 Nc6 15.Bf2 bxa4
16.Nxa4 Nb4 17.Nb6 Nxd3 18.Rxd3 Rc7 19.f5 Bc6 20.Bg3 Rb7 21.Nc4 Bb5 22.Rb3 Bc6
23.Rf3 Bb4 24.c3 Be7 25.fxe6 fxe6 26.Na5 Rb5 27.Nxc6 dxc6 28.Kc2 Ra5 29.Rd1 Rf8
30.Rxf8+ Bxf8 31.b4 Ra2+ 32.Kb3 Rxg2 33.Ra1 Be7 34.Rxa6 Kd7 35.Ra7+ Kd8 36.Bc7+ Kc8
37.Be5 Kd8 38.Kc4 h5 39.Kd4 Rd2+ 40.Ke3 Bg5+ 41.Bf4 Bxf4+ 42.Kxf4 Rxh2 43.Rxg7 Rc2
44.Rg3 h4 45.Rh3 Ke7 46.Ke5 Rc1 47.Rxh4 Rxc3 48.Rh7+ Kf8 49.Rb7 Rh3 50.Kd6 e5
51.Kxc6 Rd3 52.b5 Ke8 53.b6  1-0

[Event "Open"]
[Site "Stara Pazova SRB"]
[Date "2009.07.29"]
[Round "6"]
[White "Klasan,V"]
[Black "Nestorovic,N"]
[Result "0-1"]
[WhiteElo "2293"]
[BlackElo "2410"]

1.e4 c5 2.Nf3 e6 3.d4 cxd4 4.Nxd4 Nc6 5.Nc3 Qc7 6.f4 a6 7.Nxc6 bxc6 8.Bd3 d5
9.O-O Nf6 10.Kh1 Be7 11.e5 Nd7 12.Na4 a5 13.c4 Ba6 14.cxd5 cxd5 15.Be3 Bxd3
16.Qxd3 O-O 17.Rac1 Qb7 18.Rc2 Rfc8 19.Rfc1 g5 20.h3 gxf4 21.Bxf4 Nf8 22.Nc3 Ng6
23.Ne2 Rxc2 24.Rxc2 Rc8 25.Rxc8+ Qxc8 26.Bg3 h5 27.Qd2 Qc4 28.b3 Qe4 29.Nf4 Bg5
30.Nxh5  0-1